000 00487cam a2200181 4500
001 D7619
008 090401t1981 xxu||||| |||| 00| 0 eng d
035 _a(Sirsi) u8494
041 _aeng
050 _a333.336
100 _aOakey, R.P.
245 _aHigh technology industry and industrial location: the instruments industry example
260 _aAldershot, Hants
_bGower Publishing Co
_c1981
300 _aviii. 134p. 23cm
350 _a14.95
942 _n0
948 _c04/03/1997
999 _c86522
_d86522